South Ossetia Country Quiz - Statistics

General Stats
  • This quiz has been taken 104 times
    25 since last reset
  • The average score is 11 of 20
Answer Stats
Hint Answer % Correct
Countries recognised by Russia
100%
Main religion (includes subdivision) Eastern Orthodox Christianity
94%
Claimant country Georgia
94%
Biggest mountain range Caucasus Mountains
89%
Official languages Ossetian
89%
Currency Russian ruble
89%
Official languages Russian
83%
Countries recognised by Nauru
72%
Main sport Soccer
72%
Countries recognised by Syria
72%
Countries recognised by Nicaragua
67%
Countries recognised by Venezuela
67%
Capital Tskhinvali
39%
Main industry Agriculture
33%
President Alan Gagloev
17%
Second largest city Java
17%
Prime Minister Konstantin Dzhussoev
6%
Highest point Mount Khalatsa
6%
Only direct route through that mountain range Roki Tunnel
6%
Largest lake Keli Lake
0%
No matching quizzes found
Score Distribution
Percent of People with Each Score
Percentile by Number Answered
Your Score History
You have not taken this quiz since the last reset